| 000 | 00610 a2200193 4500 | ||
|---|---|---|---|
| 003 | Nust | ||
| 005 | 20230317110912.0 | ||
| 010 | _a 86030438 | ||
| 020 | _a0138105812 (pbk.) | ||
| 040 | _cNust | ||
| 082 | 0 | 0 | _a621.3916,CAH |
| 100 | 1 |
_aCahill, S. J. _9110505 |
|
| 245 | 1 | 4 |
_aThe single chip microcomputer / _cS.J. Cahill. |
| 260 |
_aEnglewood Cliffs, N.J. : _bPrentice-Hall, _c1987. |
||
| 300 |
_axii, 340 p. ; _c25 cm. |
||
| 505 | _aPart.1 Microprocessor Systems (Page-1), Part.2 The Microcomputer Chip (Page-101), Part.3 The Project (Page-173). | ||
| 650 | 0 |
_aMicroprocessors. _918075 |
|
| 942 |
_2ddc _cBK |
||
| 999 |
_c183796 _d183796 |
||